00323nam a2200121Ia 4500008004100000041000800041082001700049100002100066245004500087260002700132300003300159365000900192240624s9999 xx 000 0 und d aeng a658.4038 SHE aSHERMAN ANDREW J aHARVESTING INTANGIBLE ASSETS UNCOVER HID c2012aNew YorkbAmacom axviii, : 270 : p. : cm. ; 23 cb30